ՀՀ Գիտությունների ազգային ակադեմիայի հիմնարար գիտական գրադարան  =   Fundamental Scientific Library of NAS RA

Механизация уборки гороха на зерно / (Record no. 517810)

MARC details
000 -LEADER
fixed length control field 01093nam a2200217 a 4500
001 - CONTROL NUMBER
control field 000908163
003 - CONTROL NUMBER IDENTIFIER
control field AM-YEHGA
005 - DATE AND TIME OF LATEST TRANSACTION
control field 20250617164110.0
008 - FIXED-LENGTH DATA ELEMENTS--GENERAL INFORMATION
fixed length control field 120726s1962 mv r 000 0 rus d
040 ## - CATALOGING SOURCE
Original cataloging agency AM-YeHGA
041 0# - LANGUAGE CODE
Language code of text/sound track or separate title rus
090 ## - LOCALLY ASSIGNED LC-TYPE CALL NUMBER (OCLC); LOCAL CALL NUMBER (RLIN)
-- 521361
100 1# - MAIN ENTRY--PERSONAL NAME
Personal name Батура, А.М.
245 10 - TITLE STATEMENT
Title Механизация уборки гороха на зерно /
Statement of responsibility, etc. А.М. Батура; Мин. производ. и загот. сельхозпродуктов МССР; Республ. объед. Сов. мин. МССР, "Молдсельхозтехника".
260 ## - PUBLICATION, DISTRIBUTION, ETC.
Place of publication, distribution, etc. Кишинев :
Name of publisher, distributor, etc. Изд-во С.-х. лит.,
Date of publication, distribution, etc. 1962.
300 ## - PHYSICAL DESCRIPTION
Extent 24 с. :
Other physical details рис. ;
Dimensions 22 см.
650 14 - SUBJECT ADDED ENTRY--TOPICAL TERM
Topical term or geographic name entry element Бахчевые культуры
650 14 - SUBJECT ADDED ENTRY--TOPICAL TERM
Topical term or geographic name entry element Горох
710 2# - ADDED ENTRY--CORPORATE NAME
Corporate name or jurisdiction name as entry element Министерство производства и заготовок сельскогохозяйственных продуктов Молдавской ССР
710 2# - ADDED ENTRY--CORPORATE NAME
Corporate name or jurisdiction name as entry element Республиканское объединение Совета министров МССР "Молдсельхозтехника"
Holdings
Withdrawn status Lost status Damaged status Not for loan Collection Home library Current library Date acquired Total checkouts Full call number Barcode Date last seen Price effective from Koha item type Public note
        General Fundamental Scientific Library Fundamental Scientific Library 27/10/2021   РII/65075 FL0663276 27/10/2021 27/10/2021 Գրքեր / Books 30 Days Loan


ՀՀ ԳԱԱ հիմնարար գիտական գրադարան
ՀՀ,Երևան 0019
Մարշալ Բաղրամյան 24/6
հեռախոս:(374-10) 52-47-50
Հետադարձ կապ

All site content, except where otherwise noted, is licensed under a
Creative Commons License